Tiềm năng và định hướng phát triển du lịch sinh thái bền vững tại khu vực Đồng Sen huyện Tháp Mười Tiểu luận tốt nghiệp chuyên ngành Sư phạm Địa lý

Đã lưu trong:
书目详细资料
主要作者: Thạch, Thị Cẩm Tho
其他作者: Phùng, Thái Dương (Hướng dẫn)
格式: 工具包 图书
语言:Vietnamese
出版: Đồng Tháp Đại học Đồng Tháp 2020
主题:
标签: 添加标签
没有标签, 成为第一个标记此记录!
Thư viện lưu trữ: Trung tâm Học liệu Lê Vũ Hùng, Trường Đại học Đồng Tháp
LEADER 01299npm a22002898a 4500
001 00045681
008 190708s2019####-vm#################vie|d
005 20200811150834.0
041 0 # |a vie 
082 1 4 |b T304N  |a 338.409 597 89 
100 0 # |a Thạch, Thị Cẩm Tho 
245 0 0 |a Tiềm năng và định hướng phát triển du lịch sinh thái bền vững tại khu vực Đồng Sen huyện Tháp Mười  |b Tiểu luận tốt nghiệp chuyên ngành Sư phạm Địa lý  |c Thạch Thị Cẩm Tho; Phùng Thái Dương (hướng dẫn) 
260 # # |a Đồng Tháp  |b Đại học Đồng Tháp  |c 2020 
300 # # |a 22 tr.  |b hình ảnh  |c 29 cm 
500 # # |a ĐTTS ghi: Trường Đại học Đồng Tháp. Khoa Sư phạm Sử - Địa và GDCT. Bộ môn Địa lý 
653 # # |a Bền vững 
653 # # |a Du lịch sinh thái 
653 # # |a Đồng Sen 
653 # # |a Tiểu luận tốt nghiệp 
653 # # |a Phát triển 
653 # # |a Tháp Mười 
653 # # |a Tiềm năng 
700 0 # |a Phùng, Thái Dương  |e Hướng dẫn 
852 # # |j TL.0000055 
910 0 # |d 11/8/2020 
980 # # |a Trung tâm Học liệu Lê Vũ Hùng, Trường Đại học Đồng Tháp